[Event "I C.to Italiano U21"]
[Site "Rimini ITA"]
[Date "1993.09.??"]
[Round "7"]
[White "Stradiotti, Alessandro"]
[Black "Pichler, Michael"]
[WhiteElo "1600"]
[BlackElo "1633"]
[Result "0-1"]
[PlyCount "66"]
[EventDate "1993.09.07"]

1. d4 Nf6 2. c4 e5 3. dxe5 Ng4 4. Nf3 Bc5 5. e3 Nc6 6. Be2 Ngxe5 7. O-O O-O 8.
a3 a5 9. b3 Nxf3+ 10. Bxf3 Ne5 11. Be2 Ra6 12. Qd5 d6 13. Bb2 Re8 14. Rd1 Bd7
15. Nc3 Rb6 16. b4 axb4 17. axb4 Rxb4 18. Ba3 Bc6 19. Qxc5 dxc5 20. Rxd8 Rxd8
21. Bxb4 cxb4 22. Nd5 b3 23. Ne7+ Kf8 24. Nxc6 Nxc6 25. Rb1 Rd2 26. Kf1 Ra2 27.
f3 Na5 28. Ke1 Ke7 29. Kf1 b2 30. Kf2 Nb3 31. Bd3 Nd2 32. Rd1 b1=Q 33. Bxb1
Nxb1+ 0-1

[Event "I C.to Italiano U21"]
[Site "Rimini ITA"]
[Date "1993.09.??"]
[Round "7"]
[White "Tencati, Giuseppe"]
[Black "Gualtieri, Denis"]
[WhiteElo "1735"]
[BlackElo "1600"]
[Result "1-0"]
[PlyCount "99"]
[EventDate "1993.09.07"]

1. Nf3 d5 2. d4 Nf6 3. c4 e6 4. Bg5 Be7 5. Nc3 O-O 6. e3 Nc6 7. Rc1 h6 8. Bh4
b6 9. cxd5 exd5 10. Bd3 Be6 11. O-O Na5 12. Nb5 c6 13. Nc3 Nb7 14. Ne5 Bd7 15.
Qa4 Na5 16. b4 Nc4 17. Bxc4 dxc4 18. Nxc6 Bxc6 19. Qxc6 Rc8 20. Qa4 Qd6 21.
Bxf6 Bxf6 22. Ne4 Qe6 23. Nxf6+ gxf6 24. Rc3 Rc7 25. Rfc1 Rfc8 26. b5 Qd5 27.
Qb4 h5 28. a4 Kh8 29. f3 f5 30. Qb1 Rg8 31. Kf2 h4 32. Qb2 Rgc8 33. Rd1 Re8 34.
g3 h3 35. Qe2 f6 36. Qf1 f4 37. exf4 Rce7 38. Rd2 Qe6 39. d5 Qe1+ 40. Qxe1 Rxe1
41. g4 Kg7 42. f5 Rh1 43. Kg3 Rg1+ 44. Kf4 Rg2 45. Rcc2 Rd8 46. Ke4 c3 47. Rxg2
hxg2 48. Rxg2 Rc8 49. Rc2 Kf7 50. Kd4 1-0

[Event "I C.to Italiano U21"]
[Site "Rimini ITA"]
[Date "1993.09.??"]
[Round "8"]
[White "Buccoliero, Alessandro"]
[Black "Avenali, Giuseppe"]
[WhiteElo "1600"]
[BlackElo "1723"]
[Result "1-0"]
[PlyCount "49"]
[EventDate "1993.09.07"]

1. e4 c6 2. d4 d5 3. exd5 cxd5 4. c4 Nf6 5. Nc3 e6 6. c5 Be7 7. Nf3 O-O 8. Bf4
Nbd7 9. Bd3 b6 10. b4 bxc5 11. bxc5 Qa5 12. Qd2 Ba6 13. O-O Nh5 14. Nxd5 Qxd2
15. Nxe7+ Kh8 16. Bxd2 Bxd3 17. Rfc1 Be4 18. Ng5 Nhf6 19. f3 Bd3 20. Rc3 Ba6
21. Ra3 Bb5 22. Rb1 a6 23. Rxb5 axb5 24. Rxa8 Rxa8 25. Nxf7# 1-0

[Event "I C.to Italiano U21"]
[Site "Rimini ITA"]
[Date "1993.09.??"]
[Round "8"]
[White "Gualtieri, Denis"]
[Black "Becca, Filippo"]
[WhiteElo "1600"]
[BlackElo "1768"]
[Result "0-1"]
[PlyCount "58"]
[EventDate "1993.09.07"]

1. d4 Nf6 2. Nf3 g6 3. c4 c5 4. Nc3 cxd4 5. Nxd4 Bg7 6. e4 d6 7. Bd3 O-O 8. O-O
Nc6 9. Nde2 Bd7 10. a3 Rc8 11. b3 Nh5 12. Be3 b6 13. Ra2 Ne5 14. Bc2 Ng4 15.
Bg5 h6 16. Bh4 g5 17. Bg3 Nxg3 18. hxg3 f5 19. exf5 Qe8 20. Re1 Qh5 21. Kf1
Qh1+ 22. Ng1 Nh2+ 23. Ke2 Bxc3 24. Nf3 Bxe1 25. Nxh2 Qxh2 26. Qxe1 Qxg2 27. Kd2
e5 28. Be4 Qh3 29. Kc1 Bxf5 0-1

[Event "I C.to Italiano U21"]
[Site "Rimini ITA"]
[Date "1993.09.??"]
[Round "8"]
[White "Isonzo, David"]
[Black "Previati, Marco"]
[WhiteElo "1911"]
[BlackElo "2031"]
[Result "1/2-1/2"]
[PlyCount "23"]
[EventDate "1993.09.07"]

1. e4 c5 2. Nf3 Nc6 3. Bb5 e5 4. Bxc6 dxc6 5. h3 Bd6 6. d3 f6 7. Be3 Be6 8.
Nbd2 Qc7 9. a4 a5 10. O-O Ne7 11. Nc4 g5 12. Nfd2 1/2-1/2

[Event "I C.to Italiano U21"]
[Site "Rimini ITA"]
[Date "1993.09.??"]
[Round "8"]
[White "Marcacci, Giorgio"]
[Black "Maio, Matteo"]
[WhiteElo "1900"]
[BlackElo "1600"]
[Result "1-0"]
[PlyCount "88"]
[EventDate "1993.09.07"]

1. e4 g6 2. Bc4 d6 3. Ne2 Bg7 4. O-O Nf6 5. d3 c6 6. c3 b5 7. Bb3 a5 8. Nd2 Bb7
9. h3 Nbd7 10. Nf3 O-O 11. Re1 Qc7 12. Ng3 Rac8 13. Be3 c5 14. Bc2 Nb6 15. Qd2
Rfe8 16. Rad1 Nfd7 17. Bh6 Ne5 18. Nh2 d5 19. Bxg7 Kxg7 20. f4 Nc6 21. e5 d4
22. Ngf1 c4 23. cxd4 Nxd4 24. Bb1 c3 25. bxc3 Qxc3 26. Qf2 Na4 27. Ng4 h5 28.
Nge3 Qc5 29. Rc1 Qb6 30. Kh1 Qe6 31. Kh2 Nc3 32. Ng3 h4 33. Ne4 Bxe4 34. dxe4
Nxb1 35. Rxb1 Qc6 36. Ng4 Nc2 37. Rbc1 Qc5 38. Qxh4 Qa3 39. Qh6+ Kg8 40. f5
gxf5 41. exf5 Rc4 42. Rxc2 Rxg4 43. hxg4 Qd3 44. Qg5+ Kh8 1-0

[Event "I C.to Italiano U21"]
[Site "Rimini ITA"]
[Date "1993.09.??"]
[Round "8"]
[White "Marmili, Giulio"]
[Black "Agostani, Andrea"]
[WhiteElo "1657"]
[BlackElo "2053"]
[Result "1/2-1/2"]
[PlyCount "53"]
[EventDate "1993.09.07"]

1. c4 Nf6 2. Nc3 g6 3. g3 Bg7 4. Bg2 O-O 5. Nf3 d6 6. O-O e5 7. d3 Nbd7 8. Rb1
a5 9. a3 Ne8 10. b4 f5 11. Qb3 Kh8 12. Ng5 Ndf6 13. c5 axb4 14. axb4 Qe7 15.
Ba3 h6 16. Nf3 g5 17. e3 Be6 18. Qb2 Nh5 19. Nd2 c6 20. cxd6 Nxd6 21. b5 Qd7
22. bxc6 bxc6 23. Rfc1 Rfc8 24. Bxd6 Qxd6 25. Qc2 Nf6 26. Na4 Ra6 27. Rb6
1/2-1/2

[Event "I C.to Italiano U21"]
[Site "Rimini ITA"]
[Date "1993.09.??"]
[Round "8"]
[White "Mascellani, Marco"]
[Black "Farachi, Francesco"]
[WhiteElo "1947"]
[BlackElo "1777"]
[Result "1-0"]
[PlyCount "65"]
[EventDate "1993.09.07"]

1. e4 e5 2. Bc4 Nf6 3. d4 Nc6 4. Nf3 exd4 5. O-O Be7 6. Nxd4 O-O 7. Nc3 d6 8.
h3 Ne5 9. Bb3 c5 10. Nf3 c4 11. Nxe5 cxb3 12. Nf3 bxc2 13. Qxc2 Qc7 14. Bf4 Be6
15. Rfd1 Rac8 16. Rd4 Rfd8 17. Rad1 Ne8 18. Qd2 a6 19. Ne1 b5 20. Nc2 Qb6 21.
Nb4 Bf8 22. Ncd5 Qb7 23. Bg3 a5 24. Nc2 g6 25. Nce3 Rc6 26. e5 Bg7 27. exd6 Rd7
28. Rd3 Nxd6 29. Bxd6 Rcxd6 30. Ne7+ Rxe7 31. Rxd6 b4 32. Rd8+ Bf8 33. Nf5 1-0

[Event "I C.to Italiano U21"]
[Site "Rimini ITA"]
[Date "1993.09.??"]
[Round "8"]
[White "Nieus, Thierry"]
[Black "Tencati, Giuseppe"]
[WhiteElo "1905"]
[BlackElo "1735"]
[Result "1-0"]
[PlyCount "79"]
[EventDate "1993.09.07"]

1. e4 e6 2. d4 d5 3. Nc3 Nf6 4. e5 Nfd7 5. Qh5 c5 6. Nf3 Nc6 7. Ng5 g6 8. Qf3
Qe7 9. Nb5 Nxd4 10. Nd6+ Kd8 11. Ngxf7+ Kc7 12. Qd1 Bg7 13. Bg5 Qf8 14. f4 h6
15. Bd8+ Kb8 16. c3 Nc6 17. Bh4 g5 18. Nxh8 Bxh8 19. fxg5 Ndxe5 20. Nxc8 Kxc8
21. Qd2 Qf5 22. O-O-O hxg5 23. Qxg5 Qh7 24. Bb5 Kc7 25. Bxc6 Kxc6 26. Bg3 Nd3+
27. Rxd3 Qxd3 28. Qe7 Qe3+ 29. Kb1 Qe4+ 30. Ka1 e5 31. Qe6+ Kb5 32. b3 b6 33.
Rd1 Qc2 34. Qxd5 Qxc3+ 35. Kb1 Rf8 36. Be1 Qe3 37. Qd7+ Ka6 38. Qa4+ Kb7 39.
Rd7+ Kc8 40. Qc6+ 1-0

[Event "I C.to Italiano U21"]
[Site "Rimini ITA"]
[Date "1993.09.??"]
[Round "8"]
[White "Pichler, Michael"]
[Black "Insabato, Giovanbattista"]
[WhiteElo "1633"]
[BlackElo "1714"]
[Result "0-1"]
[PlyCount "48"]
[EventDate "1993.09.07"]

1. e3 Nf6 2. b3 g6 3. Bb2 Bg7 4. f4 d6 5. Nf3 c5 6. Be2 Nbd7 7. O-O b6 8. d3
O-O 9. Nbd2 Ng4 10. Bxg7 Nxe3 11. Qc1 Nxf1 12. Bxf8 Nxd2 13. Bxe7 Qxe7 14. Qxd2
Bb7 15. Re1 Re8 16. d4 Bxf3 17. gxf3 Nb8 18. dxc5 dxc5 19. Kf1 Nc6 20. Bd3
Qxe1+ 21. Qxe1 Rxe1+ 22. Kxe1 Nb4 23. Kd2 Kg7 24. f5 24... g5 $138 0-1

[Event "I C.to Italiano U21"]
[Site "Rimini ITA"]
[Date "1993.09.??"]
[Round "8"]
[White "Sardo, Andrea"]
[Black "Cartegni, Emanuele"]
[WhiteElo "1758"]
[BlackElo "1543"]
[Result "1/2-1/2"]
[PlyCount "31"]
[EventDate "1993.09.07"]

1. d4 d5 2. c4 c6 3. Nf3 Nf6 4. Nc3 e6 5. Bg5 Nbd7 6. cxd5 cxd5 7. e3 Be7 8.
Bd3 O-O 9. O-O a6 10. a4 b6 11. Re1 Bb7 12. e4 dxe4 13. Nxe4 Nxe4 14. Bxe7 Qxe7
15. Bxe4 Bxe4 16. Rxe4 1/2-1/2

[Event "I C.to Italiano U21"]
[Site "Rimini ITA"]
[Date "1993.09.??"]
[Round "8"]
[White "Schacher, Gerd"]
[Black "Aldrovandi, Antonio"]
[WhiteElo "1959"]
[BlackElo "2040"]
[Result "0-1"]
[PlyCount "95"]
[EventDate "1993.09.07"]

1. c4 c5 2. Nc3 Nf6 3. g3 g6 4. Bg2 Bg7 5. Nf3 O-O 6. O-O d5 7. cxd5 Nxd5 8.
Nxd5 Qxd5 9. d3 Nc6 10. Be3 Qd6 11. Rc1 Nd4 12. Nd2 Bg4 13. Re1 Qa6 14. Rxc5
Qxa2 15. Nc4 b6 16. Rg5 Be6 17. Bxa8 Rxa8 18. Bxd4 Bxd4 19. Rb5 Bxc4 20. dxc4
Qxc4 21. Qb3 Qc7 22. Rd5 Bc5 23. Red1 Bd6 24. e4 Rf8 25. Qe3 f6 26. Rc1 Qd7 27.
Qc3 Qe6 28. Qc4 Kg7 29. b4 h5 30. Rd4 Qh3 31. Qf1 Qg4 32. Qd1 Qe6 33. h4 Ra8
34. Qc2 a5 35. Qc6 Rb8 36. b5 Qe5 37. Rd5 Qe6 38. Rc4 a4 39. Rxa4 Rc8 40. Qxb6
Rc1+ 41. Kg2 Qg4 42. Qe3 Bf4 43. Qd3 Be5 44. Rd8 Rc3 45. Qd2 Bxg3 46. Qxc3 Be5+
47. Qg3 Bxg3 48. fxg3 0-1

[Event "I C.to Italiano U21"]
[Site "Rimini ITA"]
[Date "1993.09.??"]
[Round "8"]
[White "Vincenzi, Marco"]
[Black "De Palma, Fabrizio"]
[WhiteElo "1615"]
[BlackElo "1818"]
[Result "1-0"]
[PlyCount "115"]
[EventDate "1993.09.07"]

1. e4 d6 2. d4 Nf6 3. Nc3 g6 4. f4 Bg7 5. Nf3 O-O 6. Bd3 Na6 7. e5 Nd7 8. O-O
c5 9. Ne4 cxd4 10. exd6 exd6 11. Nxd6 Ndc5 12. Nc4 Nxd3 13. cxd3 Bf5 14. Nce5
Nc5 15. b4 Nd7 16. Bb2 Nxe5 17. fxe5 Bg4 18. Qb3 Qd7 19. Rae1 Be6 20. Qd1 Bxa2
21. Bxd4 b6 22. Kh1 Rfd8 23. Qa1 Bd5 24. Bb2 Bb7 25. e6 Bxb2 26. exf7+ Qxf7 27.
Qxb2 Re8 28. Ng5 Qd5 29. Ne4 Rf8 30. Nf6+ Rxf6 31. Rxf6 Qxd3 32. Qe2 Qxe2 33.
Rxe2 Rf8 34. Rxf8+ Kxf8 35. Rc2 a5 36. b5 Be4 37. Rc8+ Ke7 38. Rb8 Kd6 39.
Rxb6+ Kc5 40. Re6 Bd5 41. Re5 Kd6 42. Rg5 a4 43. b6 a3 44. b7 Bxb7 45. Ra5 Be4
46. Rxa3 Ke5 47. h4 h5 48. Rg3 Kf4 49. Rg5 Ke3 50. Kg1 Bb1 51. Kf1 Bd3+ 52. Ke1
Be4 53. g3 Bd3 54. Kd1 Be4 55. Kc1 Bd3 56. Kb2 Be4 57. Kc3 Bb1 58. Kc4 1-0